000
00269nam a22001097a 4500
008
160427b xxu||||| |||| 00| 0 eng d
020
_a
9781416056720
041
_a
eng
080
_a
618.2
245
_a
Nursing today:
_c
Jo Anna Zerwekh; Jo Carol Claborn;
942
_2
udc
_c
BK
999
_c
1640
_d
1640